| 000 | 00747nam a2200205 a 4500 | ||
|---|---|---|---|
| 001 | BRCA_1611 | ||
| 005 | 20190320203459.0 | ||
| 008 | 961210s1983 mx-a---##c---#000-0#spa-# | ||
| 020 | _a9687180048 | ||
| 040 |
_aDLC _cDLC |
||
| 050 | 4 |
_aND259.R5 _b.D54 1983 |
|
| 245 | 1 | 0 |
_aDiego Rivera _ccoordinadora general y conservadora Dolores Olmedo. |
| 260 |
_aMéxico _bMuseo Rufino Tamayo _c1983 |
||
| 300 |
_a82 p. _bil. (algunas a color) _c30 cm. |
||
| 500 | _aCatálogo de la exposición realizada en el Museo Rufino Tamayo (Ciudad de México), septiembre - noviembre, 1983 | ||
| 600 | 1 | 4 |
_aRivera, Diego _d1886-1957 _vExposiciones _94891 |
| 650 | 1 | 4 |
_aPintores mexicanos _vExposiciones _zMéxico _95066 |
| 700 | 1 |
_aOlmedo, Dolores _95067 |
|
| 942 |
_2lcc _cB |
||
| 999 |
_c1422 _d1422 |
||